00370 2200133 4500001002100000005001500021035002400036090001800060245007200078250001100150260003700161300002100198990001700219YOGYA00000000010183420140823131420 0010-081400000098493 a297.352 Nas H aHaji & Umroh: Keagungan dan Nilai AmaliahnyacNASUTION, Muslim Haji aCet. 2 aJakartabGema Insani Pressc1999 a108 hlm.c18 cm. a1925-PN/P.00